000 00817nam a22002657a 4500
001 6700
003 FISKH
005 20250828145555.0
008 250521b cb ||||| |||| 00| 0 eng d
020 _a9780590445108
040 _aFISKH
_beng
_cFISKH
_dFISKH
050 _aPZ7.P6335 B
082 _a823
100 _aPinkwater, D. Manus
245 _aThe big orange splot /
_cby Daniel Manus Pinkwater
260 _aNew York :
_bScholastic,
_c1977.
300 _a32 pages ;
_bcolor illustrations ;
_c23 cm
505 _aN
520 _aWhen a seagull drops a can of orange paint on his neat house, Mr. Plumbean gets an idea that affects his entire neighborhood.
521 8 _a550
_bLexile
521 8 _aN
_bRaz-Plus
650 _aColors
_vCommunity
_xHouses
942 _2ddc
_cBK
_n0
999 _c6700
_d6700